Sports Quiz

Random Sports or WWE Quiz

List of WWE Rumblers Quiz Stats

 Plays Quiz not verified by Sporcle

Challenge
Share
Tweet
Embed
Score 0/155 Timer 10:00
0 Plays Today
Series Rumbler % Correct
Series 1John Cena
92.3%
Singles Series 1John Cena
92.3%
Series 2John Cena
92.3%
Singles Series 2 John Cena
92.3%
Series 3John Cena
92.3%
Singles Series 3John Cena
92.3%
Series 4John Cena
92.3%
Series 5John Cena
92.3%
Singles Series 4.5John Cena
92.3%
Series 7John Cena
92.3%
Series 8John Cena
92.3%
Apptivity Series 1John Cena
92.3%
Series 9John Cena
92.3%
Rumblers Rampage Series 1John Cena
92.3%
Series 11John Cena
91%
Rumblers Rampage Series 3John Cena
90.9%
Singles Series 1Undertaker
80.8%
Series 3Undertaker
80.8%
Series 4Undertaker
80.8%
Singles Series 4Undertaker
80.8%
Series 8.5Undertaker
80.8%
Rumblers Rampage Series 1Undertaker
80.8%
Series 1Triple H
79.2%
Singles Series 1Triple H
79.2%
Series 2Triple H
79.2%
Singles Series 4Triple H
79.2%
Series 10Triple H
79.2%
Series 3Kane
78.1%
Series 1CM Punk
74.2%
Singles Series 1CM Punk
74.2%
Series 7CM Punk
74.2%
Apptivity Series 1.5CM Punk
74.2%
Rumblers Rampage Series 1CM Punk
74.2%
Series 1Rey Mysterio
73.8%
Singles Series 1Rey Mysterio
73.8%
Singles Series 2 Rey Mysterio
73.8%
Series 3Rey Mysterio
73.8%
Singles Series 3Rey Mysterio
73.8%
Series 4Rey Mysterio
73.8%
Series 4Rey Mysterio
73.8%
Series 5Rey Mysterio
73.8%
Singles Series 4.5Rey Mysterio
73.8%
Series 6Rey Mysterio
73.8%
Series 8Rey Mysterio
73.8%
Apptivity Series 1Rey Mysterio
73.8%
Series 9Rey Mysterio
73.8%
Rumblers Rampage Series 1Rey Mysterio
73.8%
Series 2Randy Orton
72.7%
Singles Series 2 Randy Orton
72.7%
Series 3Randy Orton
72.7%
Singles Series 3Kane
72.7%
Singles Series 4Randy Orton
72.7%
Series Rumbler % Correct
Series 6Randy Orton
72.7%
Series 8Randy Orton
72.7%
Series 8.5Kane
72.7%
Apptivity Series 1Randy Orton
72.7%
Rumblers Rampage Series 1Kane
72.7%
Rumblers Rampage Series 2Randy Orton
72.7%
Series 2Big Show
70.8%
Singles Series 2 Big Show
70.8%
Series 4Big Show
70.8%
Singles Series 4Big Show
70.8%
Series 7Big Show
70.8%
Series 9Big Show
70.8%
Rumblers Rampage Series 3Rey Mysterio
70.5%
Series 12Rey Mysterio
70.5%
Series 11CM Punk
70.4%
Series 5The Rock
70.4%
Singles Series 4.5The Rock
70.4%
Series 10The Rock
70.4%
Series 1Shawn Michaels
70%
Singles Series 1Kofi Kingston
70%
Series 2Kofi Kingston
70%
Series 3Kofi Kingston
70%
Series 4Kofi Kingston
70%
Singles Series 4Kofi Kingston
70%
Rumblers Rampage Series 2Kofi Kingston
70%
Series 1Sheamus
68.8%
Series 3Sheamus
68.8%
Singles Series 3Sheamus
68.8%
Series 5Sheamus
68.8%
Singles Series 4.5Sheamus
68.8%
Series 8Sheamus
68.8%
Apptivity Series 1Sheamus
68.8%
Rumblers Rampage Series 2Sheamus
68.8%
Rumblers Rampage Series 3Randy Orton
68.6%
Series 11Kane
68.2%
Series 12The Rock
67.7%
Series 2The Miz
67.7%
Singles Series 2 The Miz
67.7%
Series 6The Miz
67.7%
Series 3The Miz
67.7%
Series 7The Miz
67.7%
Series 9The Miz
67.7%
Rumblers Rampage Series 3Sheamus
65%
Series 12Sheamus
65%
Series 1R-Truth
61.9%
Series 7R-Truth
61.9%
Series 9R-Truth
61.9%
Series 3Mark Henry
61.5%
Series 4Alberto Del Rio
61.5%
Series 6Alberto Del Rio
61.5%
Series 7Alberto Del Rio
61.5%
Apptivity Series 1Mark Henry
61.5%
Series Rumbler % Correct
Series 12Steve Austin
60.9%
Series 2Edge
60%
Singles Series 3Edge
60%
Series 1John Morrison
59.6%
Singles Series 2 John Morrison
59.6%
Series 3John Morrison
59.6%
Series 4John Morrison
59.6%
Series 6Sin Cara
56.5%
Apptivity Series 1Sin Cara
56.5%
Rumblers Rampage Series 2Sin Cara
56.5%
Rumblers Rampage Series 3Sin Cara
53.2%
Series 6Cody Rhodes
53.1%
Series 10Cody Rhodes
53.1%
Series 8Zack Ryder
52.3%
Series 10Zack Ryder
52.3%
Rumblers Rampage Series 1Zack Ryder
52.3%
Series 6Christian
51.9%
Series 8Christian
51.9%
Series 11Brock Lesnar
51.1%
Rumblers Rampage Series 3Brock Lesnar
50.9%
Series 7Brodus Clay
49.6%
Series 3Evan Bourne
49.2%
Singles Series 3Evan Bourne
49.2%
Series 4Evan Bourne
49.2%
Series 6Evan Bourne
49.2%
Series 8.5Evan Bourne
49.2%
Series 2Hornswoggle
48.5%
Series 4Justin Gabriel
48.5%
Series 5Justin Gabriel
48.5%
Series 4Hornswoggle
48.5%
Series 5Daniel Bryan
47.3%
Series 8.5Dolph Ziggler
46.9%
Series 4Wade Barrett
45.8%
Singles Series 4Wade Barrett
45.8%
Series 11Justin Gabriel
45.3%
Series 4The Great Khali
44.6%
Series 3Jack Swagger
43.8%
Series 5Jack Swagger
43.8%
Series 7Jack Swagger
43.8%
Series 5Ezekiel Jackson
42.3%
Series 3Santino Marella
40.4%
Series 11Tensai
39.9%
Series 3Goldust
39.6%
Series 12Ryback
39.1%
Series 12Ultimate Warrior
38.6%
Series 4Drew McIntyre
37.3%
Series 10Booker T
37.3%
Series 10Yoshi Tatsu
33.5%
Series 7Alex Riley
33.1%
Series 7Mason Ryan
33.1%
Series 9Hunico
29.2%

You're not logged in!

Compare scores with friends on all Sporcle quizzes.
OR
Log In

You Might Also Like...

Show Comments

Extras

Top Quizzes Today


Score Distribution

Your Account Isn't Verified!

In order to create a playlist on Sporcle, you need to verify the email address you used during registration. Go to your Sporcle Settings to finish the process.

Report this User

Report this user for behavior that violates our Community Guidelines.

Details: